000 00556nam a22002057a 4500
003 OSt
005 20250827062518.0
008 160725b xxu||||| |||| 00| 0 eng d
020 _a0-674-01772-2
040 _cLIC
082 _22005
_aDC 320.011
_bR19t
100 _911907
_aRawls, John
_d1921-
245 _aA theory of justice/
_cJohn Rawls.
250 _aOriginal edition
260 _aCambridge, Mass. :
_bBelknap Press,
_c2005
300 _axv, 607 pages :
_c23 cm.
500 _aIncludes index.
650 0 _aJustice.
_911908
942 _2ddc
_cDC
999 _c3575
_d3575